|
|
|
|
| LEADER |
00000nam a2200000 a 4500 |
| 001 |
vtls001168522 |
| 003 |
SK-MaSNL |
| 005 |
20260331202803.0 |
| 008 |
160627s1961 CS 0 cze |
| 035 |
|
|
|a SNK000111502
|
| 040 |
|
|
|a SNK
|b slo
|c SNK
|e AACR2
|
| 041 |
0 |
|
|a cze
|
| 044 |
|
|
|a [CS]
|
| 100 |
1 |
|
|a Hřebejková, Jarmila,
|d 1911-
|4 apd
|9 263350
|
| 245 |
1 |
|
|a Průvodce k Živé abecedě a k Slabikáři
|c Zprac. Jarmila Hřebejková, Ludmila Babičková, Jarmila Zichová
|
| 250 |
|
|
|a 2. vyd.
|
| 260 |
|
|
|a Praha
|b Státní pedagogické nakladatelství
|c 1961
|
| 300 |
|
|
|a 128, [3] s.
|c 8°
|
| 490 |
0 |
|
|a Pomocné knihy pro učitele
|
| 700 |
1 |
|
|a Babíčková, Ludmila
|4 apd
|9 282171
|
| 700 |
1 |
|
|a Zichová, Jarmila
|4 apd
|9 282172
|
| 999 |
|
|
|c 709448
|d 711378
|
| 952 |
|
|
|a SNK
|b SNK
|y VYP
|7 0
|p 17A0693884
|o snkID 29363
|i snkKIP 10198/61
|0 0
|1 0
|4 0
|d 2011-03-16
|l 0
|r 2026-02-23 21:27:23
|w 2026-02-23
|